00588cam a2200193 a 450000100100000000500170001000800410002702000150006804000180008308200190010110000300012024500510015026000390020130000280024049000370026865000240030565000280032983000370035700000828920200929161325.0901212s1983 sp a 001 0 spa  a8471785420 aDO-SdBNPcDLC aN863.44bR173t1 aRamírez, Sergio,d1942-11a¿Te dio miedo la sangre? /cSergio Ramírez. aBarcelona :bArgos Vergara,c1983. a277 p. :bil. ;c20 cm.1 aBibliotheca del Fenice ;vno. 13 4aNovela nicaraguense 4aLiteratura nicaraguense 0aBibliotheca del Fenice ;vno. 13